000 00229 a2200121 4500
020 _a9781840590753
041 _aspa
100 _aMcKee, David
245 _aElmers Friends
500 _aPortuguese
942 _cBK
952 _74
999 _c19872
_d19872